000 00455nam a2200181Ia 4500
008 090124s9999 xx 000 0 und d
082 _b1787
100 _aGALSWORTHY JOHN
245 _aTHE PLAYS OF JOHN GALSWORTHY
250 _a1
260 _bDUCKWORTH
_c1935
300 _a1144
600 _aGALSWORTHY JOHN
630 _aTHE PLAYS OF JOHN GALSWORTHY
700 _aGALSWORTHY JOHN
730 _aTHE PLAYS OF JOHN GALSWORTHY
942 _cBOOK
999 _c82107
_d82107